000 00780nam a2200265Ia 4500
003 OSt
005 20220928130937.0
006 a|||||r|||| 00| 0
007 ta
008 220927b |||||||| |||| 00| 0 eng d
020 _a9780367617356
_cUKP 67.99
024 _a146140
037 _b43, 23/12/2021, Shivam Book Service
_cTextual
040 _aSDCL
_cSDCL
_beng
041 _2eng
_aeng
082 _aX:(G:55), R2
100 _aKraft Michael E
_9468853
245 0 _aEnvironmental policy and politics
250 _a8th
260 _aNew York
_b Routledge
_c2022
300 _axxiii,391p.
_ccm.
650 _aPolitical Science
942 _hX:(G:55), R2
_cTEXL
_2CC
999 _c789129
_d789129